000 00302nam a2200121 a 4500
005 20140414132014.0
008 110314s19uu xx 00 eng d
050 _aTR
_bB65 2001
100 _aDepaola, Tomie
245 _aBoss for a day.
260 _aNew York :
_bScholastic ,
_c2000.
999 _c113341
_d113341